01322nab a22002297a 4500999001500000003000400015005001700019008004100036040000700077100003100084245012100115300001300236500003600249505038600285505011900671650002800790650003700818650003400855650003500889773015500924942001301079 c6052d6052OSt20260120232613.0190514b xxu||||| |||| 00| 0 spa d cPJ 96656aFerrero, Cecilia M. 10aCompensación económica. Prueba del desequilibrio. Análisis con perspectiva de género /cCecilia M. Ferrero.  ap. 64-77 aCita: TR LALEY AR/DOC/249/2024. aSumario: I. Reseña del fallo. Hechos de la demanda.— II. Introducción.— III. La intervención judicial en los procesos de familia. Valoración de los antecedentes con perspectiva de género.— IV. Cuantificación de la compensación económica.— V. Tratamiento del reclamo referido a la atribución de la vivienda y división de condominio.— VI. Conclusión.  tFallo comentado: Juz. Familia N.° 1, Tigre ~ 14/09/2023 ~ W. G. c. K. D. s/ acción compensación económica. 09967aDERECHO DE FAMILIA 095830aCOMPENSACIÓN ECONÓMICA 094044aPERSPECTIVA DE GÉNERO 091057aJURISPRUDENCIA APLICABLE0 0284493222dBuenos Aires : AbeledoPerrot, 1989-tDerecho de familia. Revista Interdisciplinaria de doctrina y jurisprudencia. Abril 2024-II.z18511201 2udccANA